00434nam a2200169Ia 450000500170000000800410001702000150005808200150007310000140008810000170010224500460011926000410016530000180020665000130022465000140023765000130025120240528045519.0240331s9999 xx 000 0 und d a0853457174 bDEVa338.9 aSen. Gita aGrown, Caren 0aDevelopmentrises, and alternative visions aNew YorkbMonthly Review Pressc1987 a116 p .,Women aEconomic aPolitical aCultural